000
00310nam a22001337a 4500
008
171020b xxu||||| |||| 00| 0 eng d
020
_a
9780471320012
041
_a
eng
080
_a
338
100
_a
54
101
_a
MIS
245
_a
MANAGING AND USING INFORMATION SYSTEMS
_c
PEARLSON,K.E
942
_2
udc
_c
BK
999
_c
35122
_d
35122